Англо-русский словарь

Bibliographic Details
Other Authors: Мюллер В.К (составитель), Боянус С. К.
Language:Russian
English
Published: Киев, Каннон, 1996
Subjects:
Format: Book
KOHA link:https://koha.lib.tpu.ru/cgi-bin/koha/opac-detail.pl?biblionumber=2733

MARC

LEADER 00000nam0a2200000 4500
001 2733
005 20231030174058.0
010 |a 5854341026 
035 |a (RuTPU)RU\TPU\book\2746 
035 |a BOOK00002753 
090 |a 2733 
100 |a 20011209d1996 m y0rusy50 ca 
101 0 |a rus  |a eng 
102 |a UA 
105 |a y e 000zy 
200 1 |a Англо-русский словарь  |f сост. В. К. Мюллер, С. К. Боянус 
210 |a Киев  |c Каннон  |d 1996 
215 |a 688 с. 
610 1 |a английский язык 
610 1 |a англо-русские словари 
610 1 |a словари 
686 |a Ш143.21-4  |v LBC/SL-A  |2 rubbk 
702 1 |a Мюллер  |b В.К  |4 220 
702 1 |a Боянус  |b С. К.  |4 220 
801 0 |a RU  |b 63413507  |c 20011209  |g PSBO 
801 2 |a RU  |b 63413507  |c 20201109  |g PSBO 
942 |c BK